Finance for non- finance / (Record no. 103937)

MARC details
000 -LEADER
fixed length control field 00538nam a22001817a 4500
005 - DATE AND TIME OF LATEST TRANSACTION
control field 20161010103147.0
010 ## - LCCN (DPL NO)
LC control number ENG-116192
020 ## - INTERNATIONAL STANDARD BOOK NUMBER
International Standard Book Number 9788186038671
Terms of availability 675.00
035 ## - SYSTEM CONTROL NUMBER
System control number EN-99724
037 ## - SOURCE OF ACQUISITION
Source of stock number/acquisition DBAD/PUB
082 ## - DEWEY DECIMAL CLASSIFICATION NUMBER
Classification number 657
100 ## - MAIN ENTRY--PERSONAL NAME
Personal name Kalsie,Anjala
245 ## - TITLE STATEMENT
Title Finance for non- finance /
Statement of responsibility, etc by Anjala Kalsie [and] Jappanjyot kaur Kalra
260 ## - PUBLICATION, DISTRIBUTION, ETC. (IMPRINT)
Place of publication, distribution, etc Delhi
Name of publisher, distributor, etc Shree Kala Prakashan
Date of publication, distribution, etc 2013
270 ## - ADDRESS
Address 42/43,U.B. Jawahar Nagar
City Delhi
Postal code 110007
300 ## - PHYSICAL DESCRIPTION
Extent xv,178p.
Dimensions 24cm(pbk)
942 ## - ADDED ENTRY ELEMENTS (KOHA)
Source of classification or shelving scheme Dewey Decimal Classification
Item type English Books
Classification part 657
Call number suffix KAL
Holdings
Withdrawn status Lost status Not for loan Collection code Home library Current library Date acquired Source of acquisition Cost, normal purchase price Full call number Barcode Copy number Cost, replacement price Koha item type
    Not For Loan Non-fiction D.B.Act.Division D.B.Act.Division 07/10/2016 DBAD/PUB 675.00 657 KAL EN-99724 1 675.00 English Books

© Delhi Public Library
Hit Counter
free hit counter